La tragédie de Macbeth (Record no. 22029)

MARC details
000 -LEADER
campo de control de longitud fija 00619nmm a2200229 a 4500
003 - IDENTIFICADOR DE NÚMERO DE CONTROL
campo de control AR-X00000XY
005 - FECHA Y HORA DE LA ÚLTIMA TRANSACCIÓN
campo de control 20251128212014.0
008 - DATOS DE LONGITUD FIJA--INFORMACIÓN GENERAL
campo de control de longitud fija 117020s1936 ||||||||||||||000 | spa||
040 ## - FUENTE DE CATALOGACIÓN
Centro/agencia transcriptor AR-X00000XY
100 1# - ENTRADA PRINCIPAL--NOMBRE DE PERSONA
Nombre de persona Shakespeare, William
245 10 - MENCIÓN DEL TÍTULO
Título La tragédie de Macbeth
246 1# - FORMA VARIANTE DEL TITULO
Título propio/Titulo breve Macbeth
260 ## - PUBLICACIÓN, DISTRIBUCIÓN, ETC.
Lugar de publicación, distribución, etc. Paris
Nombre del editor, distribuidor, etc. Société "Les Belles Lettres"
Fecha de publicación, distribución, etc. 1936
300 1# - DESCRIPCIÓN FÍSICA
Extensión xxi, 185 p.
500 0# - NOTA GENERAL
Nota general Con firma y subrayado de Alejandra Pizarnik
655 ## - TERMINO DE INDIZACIÓN--GENERO/FORMA
Datos o término principal de género/forma LITERATURA
700 1# - ENTRADA AGREGADA--NOMBRE PERSONAL
Nombre de persona Derocquigny, Jules
Término indicativo de función/relación traductor
800 0# - PUNTO DE ACCESO ADICIONAL DE SERIE--NOMBRE DE PERSONA
Nombre de persona Collection Shakespeare
810 1# - PUNTO DE ACCESO ADICIONAL DE SERIE--NOMBRE DE ENTIDAD CORPORATIVA
Nombre de entidad corporativa o nombre de jurisdicción como elemento de entrada Koszul, A.
942 ## - ELEMENTOS DE ENTRADA SECUNDARIOS (KOHA)
Tipo de ítem Koha Libros
998 ## - INFORMACIÓN DE CONTROL LOCAL (RLIN)
Iniciales del catalogador, CIN (RLIN) martin
Holdings
Estatus retirado Estado de pérdida Fuente de la clasificación o esquema de estantería Estado de daño Restricciones de uso No para préstamo Biblioteca de origen Biblioteca actual Fecha de adquisición Total de préstamos Código de barras Visto por última vez Precio de reemplazo Tipo de ítem Koha
    Clasificación Decimal Dewey   Acceso restringido No para préstamo Liberty Liberty 28/11/2025   146202 28/11/2025 28/11/2025 Libros